Vplyv svetovej finančnej krízy na platobnú schopnosť firiem v EÚ diplomová práca

Enregistré dans:
Détails bibliographiques
Auteur principal: Mošovský, Stanislav
Collectivité auteur: Obchodná fakulta EU. Katedra medzinárodného obchodu
Autres auteurs: Pavelka, Ľuboš, 1962-
Format: Livre
Langue:slovaque
Publié: Bratislava 2010
Tags: Ajouter un tag
Pas de tags, Soyez le premier à ajouter un tag!

MARC

LEADER 00000nam a2200000 4500
001 0120173
005 20240318123747.0
041 0 |a slo 
044 |a SK 
245 1 0 |a Vplyv svetovej finančnej krízy na platobnú schopnosť firiem v EÚ  |b diplomová práca  |c Stanislav Mošovský ; škol. Ľuboš Pavelka 
264 1 |a Bratislava  |c 2010 
300 |a 71 s. 
100 1 |a Mošovský, Stanislav 
700 1 |a Pavelka, Ľuboš, 1962- 
710 2 |a Obchodná fakulta EU. Katedra medzinárodného obchodu